FC 24 TOTW 12 - Statistics

General Stats
  • This quiz has been taken 7 times
  • The average score is 8 of 18
Answer Stats
rat pos club player % Correct
TOTW 87 RW Arsenal Bukayo Saka
100%
TOTW 87 RB Newcastle United Kieran Trippier
100%
TOTW 86 CB Borussia Dortmund Mats Hummels
83%
TOTW 87 CM Real Madrid Toni Kroos
83%
TOTW 86 GK Inter Milan Yann Sommer
83%
TOTW 83 GK Paris Saint-Germain Arnau Tenas
50%
TOTW 83 ST Athletic Bilbao Gorka Guruzeta
50%
TOTW 90 ST Olympique Lyonnais Féminin Ada Hegerberg
33%
TOTW 83 CAM Hellas Verona Cyril Ngonge
33%
TOTW 84 CAM Al-Ahli Gabri Veiga
33%
TOTW 86 RW Brest Romain Del Castillo
33%
TOTW 83 RB Los Angeles FC Ryan Hollingshead
33%
TOTW 86 LB VfL Bochum Bernardo
17%
TOTW 83 RM Middlesborough Isaiah Jones
17%
TOTW 86 LM Washington Spirit Trinity Rodman
17%
TOTW 83 ST PEC Zwolle Ferdy Druijf
0%
TOTW 83 RM Club Brugge Philip Zinckernagel
0%
TOTW 83 ST Fortuna Düsseldorf Vincent Vermeij
0%
No matching quizzes found
Score Distribution
Percent of People with Each Score
Percentile by Number Answered
Your Score History
You have not taken this quiz